Living British Prime Ministers - Statistics

General Stats
  • This quiz has been taken 111 times
  • The average score is 6 of 6
Answer Stats
Date Of Birth Prime Minister % Correct
1964 Boris Johnson
97%
1953 Tony Blair
97%
1951 Gordon Brown
94%
1956 Theresa May
90%
1966 David Cameron
88%
1943 John Major
88%
No matching quizzes found
Score Distribution
Percent of People with Each Score
Percentile by Number Answered
Your Score History
You have not taken this quiz